1309 1790 1359 1460 1885 1445 1235 1919 1225 1091 1848 1451 1688 1102 1853 1472 1454 1535 1881 1950 1268 1573 1508 1555 1435 1145 1751 1185 1458 1954 1071 1473 1689 1339 1003 1334 1683 1776 1399 1925 1978 1116 1667 1165 1591 1436 1546 1188 1917 1804 1816 1192 1045 1690 1298 1279 1685 1003 1698 1476 1289 1952 1822 1070 1667 1659 1010 1981 1818 1500 1284 1392 1174 1320 1566 1161 1708 1691 1252 1267 1634 1400 1777 1701 1049 1711 1980 1303 1499 1027 1418 1921 1301 1655 1372 1471 1848 1650 1251 BCNSPRNW ULIB Ver.6.0+V

เปลี่ยนเป็นภาษาไทย

Change to English
 แสดงรายละเอียดบรรณานุกรม
  กลับหน้าหลัก

Brief Record : Get Marc (ISO 2709) : E-mail record : QR code < ปิดหน้าต่าง
LEADER : 00000nam 2200000uu 4500
001    13399126784
003     ULIB
008    190306s2561||||th 000 0 tha d
020    ^a9786164431362^c350
060 04 ^aWP390^bย629
245 00 ^aเยื่อบุมดลูกต่างที่ =^bEndometriosis /^cบรรณาธิการ, ประสงค์ ตันมหาสมุทร
246 31 ^aEndometriosis
250    ^aพิมพ์ครั้งที่ 1
260    ^aกรุงเทพฯ :^bหน่วยต่อมไร้ท่อทางนรีเวช สาขาวิชาเวชศาสตร์การเจริญพันธุ์ ภาควิชาสูติศาสตร์-นรีเวชวิทยา คณะแพทยศาสตร์ศิริราชพยาบาล มหาวิทยาลัยมหิดล,^c2561
300    ^axi, 252 หน้า :^bภาพประกอบ (สีบางภาพ) ;^c26 ซม.
504    ^aเอกสารอ้างอิงท้ายบท
504    ^aดัชนีท้ายเล่ม
650  4 ^aเยื่อบุมดลูก
650    ^aเยื่อบุมดลูก^xโรค
650    ^aมดลูก^xโรค
700 0  ^aประสงค์ ตันมหาสมุทร^eบรรณาธิการ
710 2  ^aมหาวิทยาลัยมหิดล^bคณะแพทยศาสตร์ศิริราชพยาบาล^bภาควิชาสูติศาสตร์-นรีเวชวิทยา
945    ^p350^l0^i27268
945    ^p350^l0^i27269
945    ^p350^l0^i27270
945    ^p350^l0^i27271
999    ^aกัณชพร จุลอักษร
รายการนี้ยังไม่มีแท็ก
คุณยังไม่ได้ล็อกอิน คุณสามารถมีกิจกรรมร่วมกับเว็บไซต์ได้ แต่ต้องล็อกอินก่อน ::
  ล็อกอิน

รายการสื่อสารสนเทศ

ลำดับที่ ประเภท เลขเรียก/บาร์โค้ด สถานที่ สถานะ
1. หนังสือสำรอง
หนังสือสำรอง
WP390 ย629 ฉ.1 
  Barcode: 27268
ห้องสมุดวิทยาเขตนครสวรรค์
►หนังสือทั่วไป:l:General Books
บนชั้น
2. วิทยาศาสตร์การแพทย์ และสุขภาพ
วิทยาศาสตร์การแพทย์ และสุขภาพ
WP390 ย629 ฉ.2 
  Barcode: 27269
ห้องสมุดวิทยาเขตนครสวรรค์
►หนังสือทั่วไป:l:General Books
ถูกยืม กำหนดส่งวันที่ 10 เมษายน 2569
  จอง
3. วิทยาศาสตร์การแพทย์ และสุขภาพ
วิทยาศาสตร์การแพทย์ และสุขภาพ
WP390 ย629 ฉ.3 
  Barcode: 27270
ห้องสมุดวิทยาเขตนครสวรรค์
►หนังสือทั่วไป:l:General Books
บนชั้น
4. วิทยาศาสตร์การแพทย์ และสุขภาพ
วิทยาศาสตร์การแพทย์ และสุขภาพ
WP390 ย629 ฉ.4 
  Barcode: 27271
ห้องสมุดวิทยาเขตนครสวรรค์
►หนังสือทั่วไป:l:General Books
บนชั้น

รายการใกล้เคียง
    หัวเรื่อง [เยื่อบุมดลูก]

BibComment


ยังไม่เคยถูกคอมเมนท์

คอมเมนท์ทรัพยากรรายการนี้
  คอมเมนท์: เยื่อบุมดลูกต่าง..


 Copyright 2026. Bcnsprnw @Library